<?xml version="1.0" encoding="UTF-8"?>
<collection xmlns="http://www.loc.gov/MARC21/slim">
 <record>
  <leader>01134nam a22002057a 4500</leader>
  <controlfield tag="001">NCT_68746</controlfield>
  <controlfield tag="008">190911b        xxu||||| |||| 00| 0 vie d</controlfield>
  <datafield tag="999" ind1=" " ind2=" ">
   <subfield code="c">3325</subfield>
   <subfield code="d">3325</subfield>
  </datafield>
  <datafield tag="020" ind1=" " ind2=" ">
   <subfield code="c">40000</subfield>
  </datafield>
  <datafield tag="082" ind1="0" ind2="4">
   <subfield code="2">23rd ed.</subfield>
   <subfield code="a">621</subfield>
   <subfield code="b">Ph506</subfield>
  </datafield>
  <datafield tag="100" ind1="1" ind2=" ">
   <subfield code="a">Lê Thanh Phúc</subfield>
  </datafield>
  <datafield tag="245" ind1="1" ind2="0">
   <subfield code="a">Thực tập điện ô tô 2</subfield>
   <subfield code="c">Lê Thanh Phúc</subfield>
  </datafield>
  <datafield tag="300" ind1=" " ind2=" ">
   <subfield code="a">113 tr.</subfield>
   <subfield code="b">hình vẽ</subfield>
   <subfield code="c">27cm</subfield>
  </datafield>
  <datafield tag="653" ind1=" " ind2=" ">
   <subfield code="a">Công nghệ kỹ thuật ô tô</subfield>
  </datafield>
  <datafield tag="942" ind1=" " ind2=" ">
   <subfield code="2">ddc</subfield>
   <subfield code="c">BK</subfield>
  </datafield>
  <datafield tag="952" ind1=" " ind2=" ">
   <subfield code="0">0</subfield>
   <subfield code="1">0</subfield>
   <subfield code="2">ddc</subfield>
   <subfield code="4">0</subfield>
   <subfield code="6">621_000000000000000_PH506</subfield>
   <subfield code="7">0</subfield>
   <subfield code="9">17769</subfield>
   <subfield code="a">000001</subfield>
   <subfield code="b">000001</subfield>
   <subfield code="d">2019-09-11</subfield>
   <subfield code="l">1</subfield>
   <subfield code="o">621 Ph506</subfield>
   <subfield code="p">MD.10116</subfield>
   <subfield code="r">2020-07-21</subfield>
   <subfield code="s">2020-07-11</subfield>
   <subfield code="v">40000.00</subfield>
   <subfield code="w">2019-09-11</subfield>
   <subfield code="y">BK</subfield>
  </datafield>
  <datafield tag="952" ind1=" " ind2=" ">
   <subfield code="0">0</subfield>
   <subfield code="1">0</subfield>
   <subfield code="2">ddc</subfield>
   <subfield code="4">0</subfield>
   <subfield code="6">621_000000000000000_PH506</subfield>
   <subfield code="7">0</subfield>
   <subfield code="9">17770</subfield>
   <subfield code="a">000001</subfield>
   <subfield code="b">000001</subfield>
   <subfield code="d">2019-09-11</subfield>
   <subfield code="o">621 Ph506</subfield>
   <subfield code="p">MD.10117</subfield>
   <subfield code="r">2019-09-11</subfield>
   <subfield code="v">40000.00</subfield>
   <subfield code="w">2019-09-11</subfield>
   <subfield code="y">BK</subfield>
  </datafield>
  <datafield tag="952" ind1=" " ind2=" ">
   <subfield code="0">0</subfield>
   <subfield code="1">0</subfield>
   <subfield code="2">ddc</subfield>
   <subfield code="4">0</subfield>
   <subfield code="6">621_000000000000000_PH506</subfield>
   <subfield code="7">0</subfield>
   <subfield code="9">17771</subfield>
   <subfield code="a">000001</subfield>
   <subfield code="b">000001</subfield>
   <subfield code="d">2019-09-11</subfield>
   <subfield code="l">3</subfield>
   <subfield code="o">621 Ph506</subfield>
   <subfield code="p">MD.10118</subfield>
   <subfield code="r">2020-09-03</subfield>
   <subfield code="s">2020-08-18</subfield>
   <subfield code="v">40000.00</subfield>
   <subfield code="w">2019-09-11</subfield>
   <subfield code="y">BK</subfield>
  </datafield>
  <datafield tag="952" ind1=" " ind2=" ">
   <subfield code="0">0</subfield>
   <subfield code="1">0</subfield>
   <subfield code="2">ddc</subfield>
   <subfield code="4">0</subfield>
   <subfield code="6">621_000000000000000_PH506</subfield>
   <subfield code="7">0</subfield>
   <subfield code="9">17772</subfield>
   <subfield code="a">000001</subfield>
   <subfield code="b">000001</subfield>
   <subfield code="d">2019-09-11</subfield>
   <subfield code="o">621 Ph506</subfield>
   <subfield code="p">MD.10119</subfield>
   <subfield code="r">2019-09-11</subfield>
   <subfield code="v">40000.00</subfield>
   <subfield code="w">2019-09-11</subfield>
   <subfield code="y">BK</subfield>
  </datafield>
  <datafield tag="980" ind1=" " ind2=" ">
   <subfield code="a">Thư viện Trường Đại học Nam Cần Thơ</subfield>
  </datafield>
 </record>
</collection>
